• 首页
  • 本馆介绍
  • 公告通知
  • 最新文献
  • 馆藏检索
  • 电子资源
  • 读者导购
  • 参考咨询
  • 我的图书馆
  • 登录
  • 详细信息显示
  • 放入我的书架
  • 预约/预借图书
  • 作者相关作品
  • 分类相关作品
  • 丛书相关作品
  • 出版社相关作品

书目信息

  • 表格格式
  • 工作单格式
  • 卡片格式
题名:
史学与红学
    
 
作者: 唐德刚 著
分册:  
出版信息: 桂林   广西师范大学出版社  2015.02
页数: 265页
开本: 24cm
丛书名: 中国近代口述史学会丛书
单 册:
中图分类: K207-53 , I207.411-53
科图分类:
主题词: 史学--中国--文集 , 《红楼梦》研究--文集
电子资源:
ISBN: 978-7-5495-6272-5
000 01288oam2 2200325 450
001 0102100422
005 20210406091409.93
010    @a978-7-5495-6272-5@b精装@dCNY48.00
100    @a20150601d2015 em y0chiy50 ea
101 0  @achi
102    @aCN@b450000
105    @aa z 000yy
106    @ar
200 1  @a史学与红学@Ashi xue yu hong xue@f唐德刚著
205    @a2版
210    @a桂林@c广西师范大学出版社@d2015.02
215    @a265页@c照片@d24cm
225 2  @a中国近代口述史学会丛书
300    @a理想国唐德刚作品集
314    @a著者取自CIP数据
314    @a唐德刚,1920年出生,安徽合肥人。美国哥伦比亚大学硕士、博士毕业。长期从事历史研究与教学工作,并对口述历史的发展有很大贡献。著有《李宗仁回忆录》《顾维钧回忆录》《胡适口述自传》《胡适杂忆》《晚清七十年》等,另有包括历史、政论、小说、诗歌、杂文等多部作品。
330    @a本书收录了史家唐德刚在史学理论、研究方法和红学方面的札记共计十七篇,论及史学与文学的关系、小说与历史的关系、海外中国作家的本土性、汉字拉丁化等议题。
461  0 @12001 @a中国近代口述史学会丛书
606 0  @a史学@y中国@j文集
606 0  @a《红楼梦》研究@j文集
690    @aK207-53@v5
690    @aI207.411-53@v5
701  0 @a唐德刚@Atang de gang@f(1920-2009)@4著
801  0 @aCN@bBJSZM@c20210402
905    @b1275975-6@dK207-53@e164=2@f2
    
    史学与红学/唐德刚著.-2版.-桂林:广西师范大学出版社,2015.02
    265页:照片;24cm.-(中国近代口述史学会丛书)
    理想国唐德刚作品集
    
    ISBN 978-7-5495-6272-5(精装):CNY48.00
    本书收录了史家唐德刚在史学理论、研究方法和红学方面的札记共计十七篇,论及史学与文学的关系、小说与历史的关系、海外中国作家的本土性、汉字拉丁化等议题。
●
相关链接 在E读中查询图书 在五车中查询图书 在当当中查询图书 在豆瓣中查询图书


正题名:史学与红学     索取号:K207-53/164=2         预约/预借

序号 登录号 条形码 馆藏地/架位号 状态 备注
1 1275975   212759754   第二样本阅览室/ [索取号:K207-53/164=2] 在馆    
2 1275976   212759763   教育系资料室/ [索取号:K207-53/164=2] 在馆    
唐山师范学院图书馆 欢迎您!
大连网信软件有限公司© 版权所有